Deadlock Characters - Statistics

General Stats
  • This quiz has been taken 266 times
  • The average score is 28 of 38
Answer Stats
Answer % Correct
Apollo
90%
Celeste
90%
Haze
90%
Abrams
89%
Bebop
87%
Rem
87%
The Doorman
84%
Graves
83%
Silver
83%
Mo & Krill
82%
Calico
80%
Dynamo
80%
Drifter
79%
Venator
79%
Wraith
79%
Billy
78%
Lash
78%
Mina
78%
Viscous
78%
Infernus
77%
Paige
75%
Vyper
75%
Yamato
72%
Kelvin
71%
Vindicta
71%
Seven
70%
Victor
68%
McGinnis
66%
Grey Talon
64%
Holliday
64%
Ivy
64%
Pocket
64%
Shiv
64%
Warden
64%
Mirage
61%
Sinclair
61%
Lady Geist
60%
Paradox
57%
No matching quizzes found
Score Distribution
Percent of People with Each Score
Percentile by Number Answered
Your Score History
You have not taken this quiz